00584 2200229 4500001002100000005001700021008004100038020002200079035002500101040001200126082001400138084001400152100001500166245004000181250001000221260002900231300002800260650001200288990001800300990001800318990001800336INLIS00000000001576120151223113649.0  a978-979-168-333-3 a0010-121500000000016 aYOPDYOG 2[23]a320 a320 Tan D aTAN MALAKA aDari penjara ke penjaracTan Malaka aCet.1 aYogyakartabNarasic2014 a560 hlm .; 21 cmc21 cm aPolitik a21744-PD/B.15 a21745-PD/B.15 a21746-PD/B.15